000 00536nam a2200205 a 4500
001 4746159
005 20180201051724.0
008 841114s1980 onca 001 0 eng
010 _a 84238792
020 _a0130765627
040 _aDLC
_cDLC
_dDLC
041 _aeng
080 _a574574 SCO
082 0 0 _a574 SCO
_219
100 _a11
101 _aBIO
245 0 0 _aBiological science :
_cWilliam A. Andrews ... [et al.].
906 _a7
_bcbc
_corignew
_d3
_encip
_f19
_gy-gencatlg
942 _2ddc
_cBK
999 _c41507
_d41507